| 000 | 00675nam a2200217 i 4500 | ||
|---|---|---|---|
| 001 | 11088 | ||
| 003 | ES-MaACL | ||
| 005 | 20230906150026.0 | ||
| 007 | t| | ||
| 008 | 930108s1991 sp ||||0| spa d | ||
| 016 | 7 | _zSIC92019264 | |
| 020 | _a84-309-2012-9 | ||
| 040 |
_aSIC _bspa _cSIC |
||
| 080 | _a347.97(460)(091) | ||
| 100 | 1 |
_aFairén Guillén, Víctor. _948657 |
|
| 245 | 1 | 0 |
_aEnsayo sobre procesos complejos _b: la complejidad en los litigios / _cVíctor Fairén Guillén. |
| 260 |
_aMadrid : _bTecnos, _cD.L. 1991. |
||
| 300 |
_a247 p ; _c19 cm. |
||
| 650 | 4 |
_aAdministración de justicia- _zEspaña- _vHistoria. _99624 |
|
| 852 |
_aES-MaACL _jL-18400 _bR.120590 |
||
| 999 |
_c11088 _d11088 |
||